00357nam a22001337a 4500003000400000005001700004008004100021020001800062040002400080050001800104082001800122245005400140260002900194OSt20211105091508.0211105b |||||||| |||| 00| 0 eng d a1-56670-294-1 cHawassa University  a634.99/AGRb8 a634.99/AGRb8 aAgroforestry in sustainable agricultural systems  aLondon bCRC Pressc1998